Dans quel jeu (Playstation) apparaît ce trophée? - Statistiques

Statistiques générales
  • Ce quiz a été pris 14 fois
  • Le résultat moyen est 14 sur 40
Statistiques - réponses
Trophée Jeu % Correct
Survivant de The Center Ark: Survival Evolved
71%
Le Père de tout aveuglé God of War
71%
Vivre ou mourir à Los Santos GTA V
71%
It Took Two It Takes Two
71%
De grands pouvoirs... Marvel's Spider-Man
71%
Le Sim le plus intéressant du monde Les Sims 4
64%
T-2077 Cyberpunk 2077
57%
Une minute pour gagner Rocket League
57%
Bienvenue dans la Ligue FIFA 20
50%
Champion de l'Ouest Red Dead Redemption II
50%
Ethan la lumière Resident Evil 7
50%
In memoriam The Last of Us
50%
Embraser l'Arbre-Monde Elden Ring
43%
Résident d'abri Fallout 4
43%
L'équipe Minato en difficulté Naruto Shippuden : Ultimate Ninja Storm 4
43%
DedSec fait son cinéma Watch Dogs 2
43%
Rencontre à Jericho Detroit Become Human
36%
Héros de la tempête Fortnite
36%
Boucher de Blaviken The Witcher 3: Wild Hunt
36%
Une autre vision de l'histoire Call of Duty: Black Ops III
29%
Pic du Dragon ancien Dark Souls III
29%
Salut, je suis Son Goku ! Dragon Ball Fighterz
29%
La légende du Fantôme Ghost of Tsushima
29%
Tertre des chutes tourmentées The Elder Scrolls V: Skyrim
29%
Dissonance ludo-narrative Uncharted 4
29%
Cainhurst Bloodborne
21%
Le tour du monde en Cheminette Hogwarts Legacy: L'Héritage de Poudlard
21%
Sort de Faro découvert Horizon: Forbidden west
21%
Dark Room Life Is Strange
21%
Le Culte démasqué Assassin's Creed Odyssey
14%
L'archéologie pour les nuls Far Cry 3
14%
Pilleuse de tombes Rise of the Tomb Raider
14%
Pinkerton de pierre Bioshock Infinite
7%
La particule de Dieu débusquée Death Stranding
7%
La chasse et tout le reste Monster Hunter World
7%
In-D-estructible One Piece: World Seeker
7%
Percer le brouillard Persona 4
7%
Le Mantis Star Wars: Jedi Fallen Order
7%
Humanophiles NieR: Automata
0%
Malgré la distance qui nous sépare The Last Guardian
0%
Aucun quiz correspondant
Distribution des résultats
% des personnes avec chaque résultat
Percentile par nombre de réponses
Votre historique - résultats
Vous n’avez pas pris ce quiz